000 00344nam a2200145Ia 4500
008 221030s9999 xx 000 0 und d
041 _aEnglish
082 _a105.23
100 _aAIMA
245 0 _aMAT Bulletin, May 2008 (Management Aptitude Test)
260 _bAIMA
_aNew Delhi
_c2008
300 _a853
650 _aManagement
942 _cBK
999 _c5907
_d5907